|
|
|
|
| LEADER |
00730cam a2200193 7i4500 |
| 001 |
0000032108 |
| 005 |
20110114090000.0 |
| 008 |
110114 bm |
| 020 |
|
|
|a 9789678603119 (pbk.)
|
| 090 |
0 |
0 |
|a HQ769.3
|b .A22 2007
|
| 100 |
1 |
|
|a Abdullah, Syaikhah
|
| 245 |
1 |
0 |
|a Didik anak cara Islam
|c Syaikhah Abdullah.
|
| 260 |
|
|
|a Shah Alam, Selangor:
|b Alaf 21 Sdn. Bhd.,
|c 2007.
|
| 300 |
|
|
|a 144 p.;
|c 16 cm.
|
| 650 |
0 |
0 |
|a Child rearing --
|x Religious aspects --
|x Islam
|
| 650 |
0 |
0 |
|a Parenting --
|x Religious aspects --
|x Islam
|
| 999 |
|
|
|a 0000041200
|b BOK
|c OPEN SHELF
|e 1st Floor, Bestari Jaya
|
| 999 |
|
|
|a 0000041201
|b BOK
|c OPEN SHELF
|e 1st Floor, Bestari Jaya
|
| 999 |
|
|
|a 0000041202
|b BOK
|c OPEN SHELF
|e 1st Floor, Shah Alam
|